000 00471 a2200169 4500
003 OSt
005 20231229123421.0
008 231229b |||||||| |||| 00| 0 eng d
020 _a9789387155626
040 _coclc
082 _a891.433
_bVER/J
100 _aVarma, Nirmal
_96662
245 _aJALTI JHADI /
_cNirmal Verma
260 _aNew Delhi:
_bVani Prakashan,
_c2020.
300 _a167p
942 _2ddc
_cBK
_h891.433
_iVER/J
_k891.433
_mVER/J
999 _c43625
_d43625